Plans inclinés : système Ceretti & Tanfani, Milan (Bovisa) système Ceretti & Tanfani, Milan (Bovisa)

Publicat: Milan : [s.n , 1920
Descripció física: 28 p., [10] p. : il. ; 20 x 28 cm
Matèries: Funiculars

MARC

LEADER 00000nam a2200000Ia 4500
001 23548
008 160829s192-?] xx 000 0 cat d
080 |a RF-17-28 
245 |a Plans inclinés :  |b  système Ceretti & Tanfani, Milan (Bovisa) 
260 |a Milan :  |b [s.n.,  |c 192-?] 
300 |a 28 p., [10] p. :  |b  il. ;  |c 20 x 28 cm 
590 |a Prové de OPP-1714 
650 |a Funiculars  |9 47780 
856 4 |u https://media.diba.cat/diba/fitxers/arxiu/fulletons/bib_23548_baixa.pdf  |y Accés lliure 
856 4 |u https://media.diba.cat/diba/fitxers/arxiu/fulletons/bib_23548_baixa.pdf  |y Accés lliure 
901 |a Arxiu 
942 |n 1  |2 udc 
952 |0 0  |1 0  |4 0  |6 RF1728  |7 1  |9 54993  |a Arxiu  |b Arxiu  |d 2012-08-07  |l 0  |o RF-17-28  |p 23548  |r 2016-12-01 00:00:00  |w 2016-12-01  |y ARXIU 
999 |c 58863  |d 58863 
900 |a bib_23548_baixa.pdf